000 00373nam a2200121 4500
999 _c12296
_d12296
008 190122b ||||| |||| 00| 0 eng d
100 _934738
_aVisperas, Eva
245 _a'Scubasureros' keep Pangasinan waters clean/
_cEva Visperas
260 _aPhilippines
_bThe Philippine Star
_cc2018
300 _apage F2.
650 0 _934739
_aEnvironmental movement.
942 _2ddc
_cPER